=LDR 00000nam 2200000 4500 =001 INLIS000000001053396 =005 20250218013401 =035 ##$$a 0010-0225000091 =007 ta =008 250218################g##########0#ind## =020 ##$$a 979-911-060-2 =082 ##$$a 899.221 3 =084 ##$$a 899.221 3 KUN s =100 #$$a Kuntisimilikiti =245 1#$$a Sepocong kisah online /$c Kuntisimilikiti =250 ##$$a Cetakan kedua =260 ##$$a Yogyakarta :$b Media Presindo,$c 2011 =300 ##$$a 166 halaman : $b ilustrasi ; $c 11 x 18 cm =600 #4$$a Fiksi Indonesia =990 ##$$a 01630163